000 01067nam a22002657a 4500
999 _c8147
_d8147
003 AR-CdUCM
008 190322b ||||| |||| 00| 0 spa d
040 _aMUNICIPALIDAD PROVINCIAL DEL CUSCO
_cBIBLIOTECA MUNICIPAL DEL CUSCO
041 _heng
082 _a574 /
_bB16
100 _aBaker, Jeffrey J. W.
_922994
245 _aBiología e Investigación Científica /
260 _aEE.UU :
_bAddison-Wesley Publishing Company ;
_c1967.
300 _a666 páginas ;
_bIlustraciones, diagramas, fotografías
_c23cm
505 _aContenido: Las características de los seres vivos -- Las grandes generalidades de la biología -- La naturaleza y lógica de la ciencia -- Probando hipótesis y predicciones -- El análisis y la interpretación de datos...
650 _aBiología
_9881
650 _aInvestigación científica
_99735
650 _aCiencia
_92098
650 _aCélulas
_918534
650 _aGenética
_95063
700 _aAllen, Garland E.
_922995
700 _aGeorge C. Jaime (traducción)
_922996
942 _2ddc
_cLIBROS
945 _anom